000 00690nam a2200265Ia 4500
005 20260121172701.0
008 008 260114s9999 xx 000 0 eng d
020 _a9783030691585
037 _aEBOOK
040 _aCRL
040 _beng
040 _cCRL
041 _2eng
041 _aeng
084 _qCRL
100 _aMarion Heron, Laura Barnett, Kieran Balloo
_91091457
245 0 _aExploring Disciplinary Teaching Excellence in Higher Education
260 _bSpringer
260 _bSpringer
260 _c2021
856 _uhttps://link.springer.com/openurl?genre=book&isbn=978-3-030-69158-5
942 _cEBOOK
999 _c1657197
_d1657197